00931nam a2200229 a 4500001001000000003000500010005001700015008004100032010001100073011001100084040000900095100003200104245015900136260004100295500006000336502007500396650003300471650003700504650005300541650003700594856007000631000113615CHAP20220329144404.0170829s2017 mx a fsm |||||||spa d a110076 a111048 cCHAP1 aLira Candelas, Ana Lilia de10aRendimiento de Trébol rojo (Trifolium pratense L.) a diferente edad de cosecha en la estacion primavera /h[En línea]cpor Ana Lilia de Lira Candelas. aChapingo, Méx. :bEl autor,c2017. aPara ver el contenido del material haga clic en la liga aTesis (Ing. Agr. Esp. en Zootecnia) -- UACH. Departamento de Zootecnia14aTrifolium pratensexCosecha.14aTrifolium pratensexCrecimiento.14aTrifolium pratensexFisiología y morfología.14aTrifolium pratensexRendimiento. aFinding aiduhttp://10.13.5.2/tesis/sist113615.pdfzTeclea aquí